[Event "Steinfurt Bezirksliga 0607"]
[Site "Germany"]
[Date "2007.03.31"]
[Round "8.3"]
[White "Loekener, Thomas"]
[Black "Huesmann, Stephan"]
[Result "1/2-1/2"]
[WhiteElo "1718"]
[BlackElo "1585"]
[PlyCount "44"]
[EventDate "2006.09.09"]
[EventType "team-tourn"]
[EventRounds "9"]
[EventCountry "GER"]
[SourceTitle "EXT 2008"]
[Source "ChessBase"]
[SourceDate "2007.11.25"]
[SourceVersion "1"]
[SourceVersionDate "2007.11.25"]
[SourceQuality "1"]
[WhiteTeam "Saerbeck II"]
[BlackTeam "Rheine Klein Berlin II"]
[WhiteTeamCountry "GER"]
[BlackTeamCountry "GER"]

1. d4 f5 2. g3 Nf6 3. Bg2 g6 4. c4 Bg7 5. Nc3 d6 6. Bf4 0-0 7. Nf3 c6 8. Qd2 Na6 9. 0-0 Qe8 10. a3 Nc7 11. b4 Nh5 12. Bh6 Qf7 13. Bxg7 Kxg7 14. Qd3 f4 15. e4 h6 16. Ne2 g5 17. h3 g4 18. hxg4 Bxg4 19. Rac1 Ne6 20. Rc3 Ng5 21. Nxg5 hxg5 22. f3 Bd7 1/2-1/2